The Argyllshire advertiser. (Record no. 106)
[ view plain ]
| 000 -LEADER | |
|---|---|
| fixed length control field | 01088cas a2200277Ka 4500 |
| 001 - CONTROL NUMBER | |
| control field | 2745698 |
| 005 - DATE AND TIME OF LATEST TRANSACTION | |
| control field | 20200421093819.0 |
| 008 - FIXED-LENGTH DATA ELEMENTS--GENERAL INFORMATION | |
| fixed length control field | 940920c19489999stkwr ne 0 0eng d |
| 043 ## - GEOGRAPHIC AREA CODE | |
| Geographic area code | e-uk-st |
| 245 04 - TITLE STATEMENT | |
| Title | The Argyllshire advertiser. |
| 260 ## - PUBLICATION, DISTRIBUTION, ETC. | |
| Place of publication, distribution, etc. | Lochgilphead : |
| Name of publisher, distributor, etc. | Argyllshire Advertiser, |
| Date of publication, distribution, etc. | 1948- |
| 300 ## - PHYSICAL DESCRIPTION | |
| Extent | v. : |
| Other physical details | ill. ; |
| Dimensions | 41-49 cm. |
| 310 ## - CURRENT PUBLICATION FREQUENCY | |
| Current publication frequency | Weekly |
| 362 0# - DATES OF PUBLICATION AND/OR SEQUENTIAL DESIGNATION | |
| Dates of publication and/or sequential designation | No. 3158 (Feb. 4, 1948)- |
| 500 ## - GENERAL NOTE | |
| General note | Description based on: No. 3169 (28th Apr., 1948). |
| 530 ## - ADDITIONAL PHYSICAL FORM AVAILABLE NOTE | |
| Materials specified | 1948-1950 |
| Additional physical form available note | Also available on 35mm microfilm; |
| Availability source | NEWSPLAN 2000 Project. |
| 530 ## - ADDITIONAL PHYSICAL FORM AVAILABLE NOTE | |
| Materials specified | 1995- |
| Additional physical form available note | Also available on 35 mm microfilm; |
| Availability source | Edinburgh : Scottish Newspapers Microfilming Unit. |
| 651 #0 - SUBJECT ADDED ENTRY--GEOGRAPHIC NAME | |
| Geographic name | Argyllshire (Scotland) |
| Form subdivision | Newspapers. |
| 9 (RLIN) | 539 |
| 651 #0 - SUBJECT ADDED ENTRY--GEOGRAPHIC NAME | |
| Geographic name | Argyll and Bute (Scotland) |
| Form subdivision | Newspapers. |
| 9 (RLIN) | 540 |
| 710 2# - ADDED ENTRY--CORPORATE NAME | |
| Corporate name or jurisdiction name as entry element | NEWSPLAN 2000 Project. |
| Institution to which field applies | StEdNL |
| 9 (RLIN) | 541 |
| 710 2# - ADDED ENTRY--CORPORATE NAME | |
| Corporate name or jurisdiction name as entry element | Scottish Newspapers Microfilming Unit. |
| Institution to which field applies | StEdNL |
| 9 (RLIN) | 532 |
| 780 00 - PRECEDING ENTRY | |
| Title | Argyllshire advertiser and Lochfyneside echo |
| 856 42 - ELECTRONIC LOCATION AND ACCESS | |
| Uniform Resource Identifier | <a href="http://www.argyllshireadvertiser.co.uk/">http://www.argyllshireadvertiser.co.uk/</a> |
| Public note | Argyllshire advertiser - Online access |
| 942 ## - ADDED ENTRY ELEMENTS (KOHA) | |
| Source of classification or shelving scheme | Dewey Decimal Classification |
| Koha item type | Continuing Resources |
| 956 ## - LOCAL ELECTRONIC LOCATION AND ACCESS (OCLC) | |
| Host name | NLS |
No items available.